000 00609nam a2200169 a 4500
001 000038600
005 20201002031316.0
008 130416s2012 dr 000 0 spa d
020 _a9789993444916
040 _aDO-SdBNP
_bspa
_cBNPHU
110 1 _aRepública Dominicana
_9447
240 1 0 _a[leyes,etc.]
245 1 0 _aNuevo reglamento de compras y contrataciones de bienes, servicios y conseciones Dic. 543-12 :
_bMod. por la ley 449-06 adaptado para estudio comparativo.
260 _aSanto Domingo :
_bEdiciones Dalis,
_c2012.
300 _a44 p. ;
_c22 cm.
500 _aIncluye notas al pie de las páginas
999 _c38090
_d38090